This is PR : (Record no. 51710)

MARC details
000 -LEADER
fixed length control field 00685nam a2200205 4500
008 - FIXED-LENGTH DATA ELEMENTS--GENERAL INFORMATION
fixed length control field 171108b xxu||||| |||| 00| 0 eng d
020 ## - INTERNATIONAL STANDARD BOOK NUMBER
International Standard Book Number 053455962X (acid-free paper)
020 ## - INTERNATIONAL STANDARD BOOK NUMBER
International Standard Book Number 9780534559625
050 ## - LIBRARY OF CONGRESS CALL NUMBER
Classification number HM1221
Item number .N48 2000
100 ## - MAIN ENTRY--PERSONAL NAME
Personal name Newsom, Doug
245 ## - TITLE STATEMENT
Title This is PR :
Remainder of title the realities of public relations /
Statement of responsibility, etc Doug Newsom, Judy VanSlyke Turk, Dean Kruckeberg
250 ## - EDITION STATEMENT
Edition statement 7th ed
260 ## - PUBLICATION, DISTRIBUTION, ETC. (IMPRINT)
Place of publication, distribution, etc Belmont, CA :
Name of publisher, distributor, etc Wadsworth,
Date of publication, distribution, etc 2000
300 ## - PHYSICAL DESCRIPTION
Extent xvii, 553 p. :
Other physical details ill. ;
Dimensions 24 cm
500 ## - GENERAL NOTE
General note Includes bibliographical references and index
650 ## - SUBJECT ADDED ENTRY--TOPICAL TERM
Topical term or geographic name as entry element Public relations
700 ## - ADDED ENTRY--PERSONAL NAME
Personal name VanSlyke Turk, Judy
700 ## - ADDED ENTRY--PERSONAL NAME
Personal name Kruckeberg, Dean
942 ## - ADDED ENTRY ELEMENTS (KOHA)
Source of classification or shelving scheme Library of Congress Classification
Item type Book
Holdings
Withdrawn status Lost status Source of classification or shelving scheme Damaged status Not for loan Collection code Home library Current library Shelving location Date acquired Source of acquisition Cost, normal purchase price Total Checkouts Total Renewals Full call number Barcode Date last seen Date last borrowed Copy number Price effective from Koha item type
    Library of Congress Classification     Non-fiction Bishop Okullu Memorial Library (Limuru Campus) Bishop Okullu Memorial Library (Limuru Campus) General Circulation 08/11/2017 Donations- BFA 1500.00 7 1 HM1221 .N48 2000 056726 04/03/2025 27/02/2025 1 08/11/2017 Book